• 首页
  • 本馆介绍
  • 公告通知
  • 最新文献
  • 馆藏检索
  • 电子资源
  • 读者导购
  • 参考咨询
  • 我的图书馆
  • 登录
  • 详细信息显示
  • 放入我的书架
  • 预约/预借图书
  • 作者相关作品
  • 分类相关作品
  • 丛书相关作品
  • 出版社相关作品

书目信息

  • 表格格式
  • 工作单格式
  • 卡片格式
题名:
植物非试管快繁技术
    
 
作者: ;中央军委 编
分册:  
出版信息: 北京   解放军出版社  2016
页数: 172页
开本: 24cm
丛书名: 军队农副业生产技术丛书
单 册:
中图分类: Q943.1
科图分类:
主题词: 植物组织--组织培养
电子资源:
ISBN: 978-7-5065-7184-5
000 00875nam0 2200229 450
001 2360409548
005 20231212164705.66
010    @a978-7-5065-7184-5@dCNY 48.00
100    @a20170210d2016 em y0chiy0120 ea
101 0  @achi
102    @aCN@b110000
105    @aa z 000yy
200 1  @a植物非试管快繁技术@Azhi wu fei shi guan kuai fan ji shu@f中央军委后勤保障部军需能源局编
210    @a北京@c解放军出版社@d2016
215    @a172页@c彩图@d24cm
225 1  @a军队农副业生产技术丛书@f徐伟忠,杨连成主编
330    @a本书介绍根据生物全息性原理,利用植物组织进行扩繁的育苗技术,收录了认识植物非试管克隆新技术、学会植物非试管克隆新技术、新型的非试管克隆技术及未来的展望等六个章节。
606 0  @a植物组织@x组织培养
690    @aQ943.1@v5
711 02 @a中央军委@Azhong yang jun wei@b后勤保障部@b军需能源局@4编
801  2 @aCN@b辽宁北配@c20231205
905    @aBZT@dQ943.1@e3
    
    植物非试管快繁技术/中央军委后勤保障部军需能源局编.-北京:解放军出版社,2016
    172页:彩图;24cm.-(军队农副业生产技术丛书/徐伟忠,杨连成主编)
    
    
    ISBN 978-7-5065-7184-5:CNY 48.00
    本书介绍根据生物全息性原理,利用植物组织进行扩繁的育苗技术,收录了认识植物非试管克隆新技术、学会植物非试管克隆新技术、新型的非试管克隆技术及未来的展望等六个章节。
●
相关链接 在五车中查询图书 在当当中查询图书 在豆瓣中查询图书


正题名:植物非试管快繁技术     索取号:Q943.1/3         预约/预借

序号 登录号 条形码 馆藏地/架位号 状态 备注
1 2001529880   2001529880   214主题书屋/214室1架4层1列/ [索取号:Q943.1/3] 在馆    
2 2001529881   2001529881   214主题书屋/214室1架4层1列/ [索取号:Q943.1/3] 在馆    
3 2001529882   2001529882   214主题书屋/214室1架4层1列/ [索取号:Q943.1/3] 在馆    
4 2001529883   2001529883   214主题书屋/214室1架4层1列/ [索取号:Q943.1/3] 在馆    
5 2001529884   2001529884   214主题书屋/214室1架4层1列/ [索取号:Q943.1/3] 在馆    
6 2001529885   2001529885   214主题书屋/214室1架4层1列/ [索取号:Q943.1/3] 在馆    
7 2001529886   2001529886   第四书库/四23架B面5层4列/ [索取号:Q943.1/3] 在馆    
8 2001529887   2001529887   515书库/ [索取号:Q943.1/3] 在馆    
9 2001529888   2001529888   515书库/ [索取号:Q943.1/3] 在馆    
10 2001529889   2001529889   515书库/ [索取号:Q943.1/3] 在馆    
11 2001529890   2001529890   515书库/ [索取号:Q943.1/3] 在馆    
12 2001529891   2001529891   515书库/ [索取号:Q943.1/3] 在馆    
13 2001529892   2001529892   515书库/ [索取号:Q943.1/3] 在馆    
14 2001529893   2001529893   315书库/ [索取号:Q943.1/3] 在馆    
15 2001529894   2001529894   315书库/ [索取号:Q943.1/3] 在馆    
16 2001529895   2001529895   第四书库/四23架B面5层4列/ [索取号:Q943.1/3] 在馆    
17 2001529896   2001529896   第四书库/四23架B面5层4列/ [索取号:Q943.1/3] 在馆    
18 2001529897   2001529897   第四书库/四23架B面5层4列/ [索取号:Q943.1/3] 在馆    
19 2001529898   2001529898   第四书库/四23架B面5层4列/ [索取号:Q943.1/3] 在馆    
20 2001529899   2001529899   315书库/ [索取号:Q943.1/3] 在馆    
21 2001529900   2001529900   315书库/ [索取号:Q943.1/3] 在馆    
22 2001529901   2001529901   315书库/ [索取号:Q943.1/3] 在馆    
23 2001529902   2001529902   第四书库/四23架B面5层4列/ [索取号:Q943.1/3] 在馆    
24 2001529903   2001529903   第四书库/四23架B面5层4列/ [索取号:Q943.1/3] 在馆    
25 2001529904   2001529904   第四书库/四23架B面5层4列/ [索取号:Q943.1/3] 在馆    
26 2001529905   2001529905   第四书库/四23架B面5层4列/ [索取号:Q943.1/3] 在馆    
27 2001529906   2001529906   第四书库/四23架B面5层4列/ [索取号:Q943.1/3] 在馆    
28 2001529907   2001529907   第四书库/四23架B面5层4列/ [索取号:Q943.1/3] 在馆    
29 2001529908   2001529908   第四书库/四23架B面5层4列/ [索取号:Q943.1/3] 在馆    
30 2001529909   2001529909   315书库/ [索取号:Q943.1/3] 在馆    
山东省滨州职业学院图书馆 欢迎您!
大连网信软件有限公司© 版权所有